Statistics for Musical Acts by Picture - A

Click here to take the quiz!

General Stats

  • This quiz has been taken 64 times
  • The average score is 10 of 16

Answer Stats

Answer% Correct
Adele
98%
Ariana Grande
93%
ABBA
92%
Amy Winehouse
87%
Aretha Franklin
80%
Adam Levine
72%
Avril Lavigne
72%
Aerosmith
69%
AC/DC
67%
Axl Rose
59%
Annie Lennox
54%
A-ha
52%
Avicii
51%
Arctic Monkeys
21%
Alan Walker
16%
Anitta
8%

Score Distribution

Percentile by Number Answered

Percent of People with Each Score

Your Score History

You have not taken this quiz